000 00391 a2200169 4500
001 73427
020 _a97885785277372
040 _cAnchieta - Colégio São Paulo
100 _aOgleari, Braz
240 1 0 _aLíngua Portguesa - Gramática
_lpor
245 1 0 _aLíngua Portguesa - Gramática
300 _a32
362 0 _a2005
440 1 _aPositivo
650 4 _aPortuguês
942 _cBK
999 _c73427
_d73427